[Event "Malmo op"]
[Site "Malmo"]
[Date "2012.12.15"]
[Round "5"]
[White "Pavlovskaya, Evgenija"]
[Black "Kockum, Anton Frisk"]
[Result "0-1"]
[WhiteElo "2151"]
[BlackElo "2335"]
[PlyCount "70"]
[EventDate "2012.12.14"]
[EventType "swiss"]
[EventRounds "7"]
[EventCountry "SWE"]
[SourceTitle "EXT 2014"]
[Source "ChessBase"]
[SourceDate "2013.11.20"]
[SourceVersion "1"]
[SourceVersionDate "2013.11.20"]
[SourceQuality "1"]

1. e4 c5 2. Nf3 Nc6 3. Bb5 g6 4. c3 Bg7 5. 0-0 e5 6. Re1 Nge7 7. Na3 0-0 8. Nc2 a6 9. Bf1 d5 10. exd5 Nxd5 11. d4 cxd4 12. cxd4 Bg4 13. dxe5 Nxe5 14. Be2 Nxf3+ 15. Bxf3 Bxf3 16. Qxf3 Rc8 17. Ne3 Nxe3 18. Bxe3 b5 19. Red1 Qa5 20. Bd2 Qa4 21. Bc3 Bxc3 22. bxc3 Qa3 23. Rd3 Rfd8 24. Rxd8+ Rxd8 25. h4 Rc8 26. Rd1 Qxc3 27. Rd8+ Kg7 28. Rxc8 Qxc8 29. h5 Qc1+ 30. Kh2 Qc4 31. Qg3 Qc5 32. hxg6 hxg6 33. Qf4 a5 34. Qd2 b4 35. Qe2 Qh5+ 0-1

[Event "Politiken Cup 33rd"]
[Site "Helsingor"]
[Date "2011.08.07"]
[Round "10"]
[White "Pavlovskaya, Evgenija"]
[Black "Vesterli, Michael"]
[Result "0-1"]
[WhiteElo "2175"]
[BlackElo "1969"]
[PlyCount "80"]
[EventDate "2011.07.30"]
[EventType "swiss"]
[EventRounds "10"]
[EventCountry "DEN"]
[SourceTitle "CBM 143 Extra"]
[Source "ChessBase"]
[SourceDate "2011.08.29"]
[SourceVersion "1"]
[SourceVersionDate "2011.08.29"]
[SourceQuality "1"]

1. e4 c5 2. Nf3 d6 3. d3 Nc6 4. c3 Nf6 5. Be2 g6 6. Nbd2 Bg7 7. 0-0 0-0 8. Re1 e5 9. Nf1 d5 10. Qc2 Be6 11. Ng5 Bd7 12. exd5 Nxd5 13. Bf3 Nf4 14. Ne4 b6 15. g3 Nh3+ 16. Kg2 g5 17. Ne3 f5 18. Nd6 Rf6 19. Bd5+ Kf8 20. Nf7 Rxf7 21. Bxf7 Kxf7 22. Kxh3 f4+ 23. Kg2 fxe3 24. fxe3 e4 25. d4 Qe7 26. d5 Nd8 27. c4 Bg4 28. Rb1 Bf3+ 29. Kg1 Kg8 30. b4 Nf7 31. bxc5 Qxc5 32. Rb5 Qc8 33. c5 g4 34. d6 Nxd6 35. Qb3+ Nf7 36. cxb6 axb6 37. Rxb6 Qc3 38. Rb8+ Rxb8 39. Qxb8+ Bf8 40. Rf1 Ng5 0-1

[Event "Politiken Cup 33rd"]
[Site "Helsingor"]
[Date "2011.08.03"]
[Round "6"]
[White "Pavlovskaya, Evgenija"]
[Black "Lindberg, Bengt"]
[Result "0-1"]
[WhiteElo "2175"]
[BlackElo "2391"]
[PlyCount "100"]
[EventDate "2011.07.30"]
[EventType "swiss"]
[EventRounds "10"]
[EventCountry "DEN"]
[SourceTitle "CBM 143 Extra"]
[Source "ChessBase"]
[SourceDate "2011.08.29"]
[SourceVersion "1"]
[SourceVersionDate "2011.08.29"]
[SourceQuality "1"]

1. e4 c5 2. Nf3 d6 3. Bb5+ Bd7 4. Bxd7+ Qxd7 5. d3 Nc6 6. Be3 g6 7. c3 Bg7 8. Qd2 Nf6 9. h3 b6 10. Na3 Ne5 11. Nxe5 dxe5 12. Nc4 Rd8 13. 0-0 Nh5 14. Rad1 b5 15. Na3 Qc6 16. Bh6 Bxh6 17. Qxh6 a6 18. Nc2 Nf4 19. Qg7 Qf6 20. Qxf6 exf6 21. d4 exd4 22. cxd4 cxd4 23. Kh2 d3 24. Nb4 a5 25. Nc6 Rd6 26. Nxa5 Ke7 27. Rd2 Rc8 28. Nb3 Rc2 29. Rfd1 Ne6 30. Kg3 Ng5 31. f3 Ne6 32. Rxd3 Rxd3 33. Rxd3 Rxb2 34. Rd2 Rxd2 35. Nxd2 Kd6 36. Nb3 Nc5 37. Nd4 b4 38. Kf4 Nd3+ 39. Ke3 Nc1 40. Kd2 Nxa2 41. Kc2 Nc3 42. g3 Kc5 43. Kd3 Nd1 44. Nb3+ Kb5 45. h4 Ka4 46. Nc5+ Ka3 47. Kd2 Nb2 48. f4 b3 49. g4 Nc4+ 50. Kc3 b2 0-1

[Event "Politiken Cup 33rd"]
[Site "Helsingor"]
[Date "2011.08.02"]
[Round "5"]
[White "Meier, Lars"]
[Black "Pavlovskaya, Evgenija"]
[Result "0-1"]
[WhiteElo "1980"]
[BlackElo "2175"]
[PlyCount "102"]
[EventDate "2011.07.30"]
[EventType "swiss"]
[EventRounds "10"]
[EventCountry "DEN"]
[SourceTitle "CBM 143 Extra"]
[Source "ChessBase"]
[SourceDate "2011.08.29"]
[SourceVersion "1"]
[SourceVersionDate "2011.08.29"]
[SourceQuality "1"]

1. e4 c6 2. d4 d5 3. e5 e6 4. f4 Nh6 5. Nf3 Be7 6. Bd3 b6 7. Qe2 c5 8. c4 Bb7 9. cxd5 Bxd5 10. Nc3 Bc6 11. Be3 Nd7 12. f5 Ng4 13. fxe6 fxe6 14. Ng5 Bxg5 15. Qxg4 Bxe3 16. Bg6+ Ke7 17. Qh4+ Nf6 18. Be4 Bxe4 19. exf6+ gxf6 20. Qxe4 Qxd4 21. Qc2 Rad8 22. Rd1 Qh4+ 23. g3 Rxd1+ 24. Nxd1 Qb4+ 25. Ke2 Bd4 26. Re1 Qb5+ 27. Kd2 c4 28. Qe4 Qg5+ 29. Ne3 Qa5+ 30. Kc2 Bxe3 31. Qb7+ Kd6 32. Rxe3 Qf5+ 33. Kc3 Qa5+ 34. Kc2 Qc5 35. Re2 Qf5+ 36. Kd1 Qb1+ 37. Kd2 Qxb2+ 38. Ke1 Qa1+ 39. Kf2 Qd4+ 40. Kf1 c3 41. Qf7 Qd1+ 42. Kf2 Qd4+ 43. Kf1 Qd5 44. Qxf6 Qh1+ 45. Kf2 Qxh2+ 46. Kf3 Qh5+ 47. g4 Qd5+ 48. Kg3 Rc8 49. Qf4+ Ke7 50. g5 Qd6 51. Re5 Rf8 0-1

[Event "Politiken Cup 33rd"]
[Site "Helsingor"]
[Date "2011.07.31"]
[Round "2"]
[White "Pavlovskaya, Evgenija"]
[Black "Percivaldi, Martin"]
[Result "1/2-1/2"]
[WhiteElo "2175"]
[BlackElo "1838"]
[PlyCount "128"]
[EventDate "2011.07.30"]
[EventType "swiss"]
[EventRounds "10"]
[EventCountry "DEN"]
[SourceTitle "CBM 143 Extra"]
[Source "ChessBase"]
[SourceDate "2011.08.29"]
[SourceVersion "1"]
[SourceVersionDate "2011.08.29"]
[SourceQuality "1"]

1. e4 c5 2. Nf3 d6 3. d4 cxd4 4. Qxd4 a6 5. c4 Nc6 6. Qd2 g6 7. b3 Nf6 8. Nc3 Bg7 9. Bb2 0-0 10. Be2 Bg4 11. 0-0 Qa5 12. Rad1 Nd7 13. a3 Bxf3 14. Bxf3 Nd4 15. Nd5 Nxf3+ 16. gxf3 Qd8 17. Bxg7 Kxg7 18. Qg5 Re8 19. f4 Nc5 20. e5 Nxb3 21. Rd3 h6 22. Qh4 Nc5 23. Rh3 h5 24. Re1 b5 25. f5 dxe5 26. Rxe5 Qd6 27. Rxe7 Rxe7 28. f6+ Kg8 29. fxe7 Nd7 30. Qe4 Re8 31. cxb5 axb5 32. Rc3 Nf6 33. Nxf6+ Qxf6 34. Re3 Qg5+ 35. Kf1 Qc5 36. Ke2 Qc7 37. f4 Qc5 38. Kf2 Qd6 39. Kg2 Qd2+ 40. Re2 Qd7 41. h3 Qe6 42. Qd3 Qc6+ 43. Kg3 Qc7 44. Qe4 Qd6 45. Re3 Qc7 46. Kh4 Qd6 47. Kg5 Kg7 48. Kh4 Qc7 49. Qd4+ Kg8 50. Kg5 Rxe7 51. Kh6 f6 52. Rxe7 Qxe7 53. Qd5+ Kf8 54. Kxg6 Qg7+ 55. Kxh5 Qg3 56. Qd6+ Kf7 57. Qd7+ Kf8 58. Qf5 Kf7 59. Qg4 Qxa3 60. f5 Qc3 61. Qg6+ Ke7 62. Qg7+ Kd6 63. Qf8+ Kd5 64. Qf7+ Kc5 1/2-1/2

[Event "Politiken Cup 33rd"]
[Site "Helsingor"]
[Date "2011.07.30"]
[Round "1"]
[White "Merkesvik, Sondre"]
[Black "Pavlovskaya, Evgenija"]
[Result "0-1"]
[WhiteElo "1762"]
[BlackElo "2175"]
[PlyCount "86"]
[EventDate "2011.07.30"]
[EventType "swiss"]
[EventRounds "10"]
[EventCountry "DEN"]
[SourceTitle "CBM 143 Extra"]
[Source "ChessBase"]
[SourceDate "2011.08.29"]
[SourceVersion "1"]
[SourceVersionDate "2011.08.29"]
[SourceQuality "1"]

1. Nf3 d5 2. g3 c6 3. Bg2 Nf6 4. 0-0 Bg4 5. c4 e6 6. cxd5 exd5 7. d3 Bd6 8. Bg5 h6 9. Bxf6 Qxf6 10. Qb3 b6 11. Nbd2 0-0 12. Rac1 Bc5 13. e3 Nd7 14. d4 Be7 15. h3 Bh5 16. Ne5 Nxe5 17. dxe5 Qxe5 18. Rxc6 Rad8 19. f4 Qf5 20. g4 Qd7 21. Rfc1 Bc5 22. R6xc5 bxc5 23. gxh5 d4 24. e4 d3 25. Qc3 Rfe8 26. Kf2 Qd6 27. Ke3 Qe6 28. b3 Rd5 29. e5 Rdd8 30. Qc4 Qf5 31. Qe4 Qxh5 32. Qf3 Qg6 33. Rxc5 Qd6 34. Qd5 Qa6 35. Qc4 Qxa2 36. Rc7 Rf8 37. Bd5 Qa1 38. Kxd3 Qh1 39. Kd4 Qg2 40. Nf3 Qxf3 41. Kc5 Qf2+ 42. Kb4 Qb6+ 43. Kc3 Rxd5 0-1

[Event "Olympiad Women-38"]
[Site "Dresden"]
[Date "2008.11.22"]
[Round "9"]
[White "Pavlovskaya, Evgenija"]
[Black "Schut, Lisa"]
[Result "1/2-1/2"]
[WhiteElo "2197"]
[BlackElo "2153"]
[PlyCount "71"]
[EventDate "2008.11.13"]
[EventType "team-swiss"]
[EventRounds "11"]
[EventCountry "GER"]
[SourceTitle "CBM 128"]
[Source "ChessBase"]
[SourceDate "2009.01.28"]
[SourceVersion "1"]
[SourceVersionDate "2009.01.28"]
[SourceQuality "1"]
[WhiteTeam "Sweden (W)"]
[BlackTeam "Netherlands (W)"]
[WhiteTeamCountry "SWE"]
[BlackTeamCountry "NED"]

1. e4 c5 2. b3 Nc6 3. Bb2 d6 4. Bb5 Bd7 5. f4 e6 6. Nf3 Nf6 7. Nc3 Be7 8. 0-0 0-0 9. d3 a6 10. Bxc6 Bxc6 11. a4 b5 12. axb5 axb5 13. Rxa8 Qxa8 14. Qe2 c4 15. e5 Nd5 16. Nxd5 Bxd5 17. bxc4 bxc4 18. dxc4 Qa6 19. Qd2 Qxc4 20. Ba3 Rd8 21. exd6 Bxd6 22. Bxd6 Rxd6 23. Ne5 Qc5+ 24. Qf2 Qb4 25. Qa7 Qb6+ 26. Qxb6 Rxb6 27. c4 Be4 28. Rd1 h6 29. Rd8+ Kh7 30. Rd2 f6 31. Nd7 Rb1+ 32. Kf2 Rc1 33. Nf8+ Kg8 34. Nxe6 Rxc4 35. Nd4 g5 36. fxg5 1/2-1/2

[Event "Olympiad Women-38"]
[Site "Dresden"]
[Date "2008.11.17"]
[Round "5"]
[White "Pavlovskaya, Evgenija"]
[Black "Bakalarz, Grazyna"]
[Result "0-1"]
[WhiteElo "2197"]
[BlackElo "2001"]
[PlyCount "78"]
[EventDate "2008.11.13"]
[EventType "team-swiss"]
[EventRounds "11"]
[EventCountry "GER"]
[SourceTitle "CBM 128"]
[Source "ChessBase"]
[SourceDate "2009.01.28"]
[SourceVersion "1"]
[SourceVersionDate "2009.01.28"]
[SourceQuality "1"]
[WhiteTeam "Sweden (W)"]
[BlackTeam "Luxembourg (W)"]
[WhiteTeamCountry "SWE"]
[BlackTeamCountry "LUX"]

1. e4 d6 2. d4 Nf6 3. Nc3 g6 4. Be3 c6 5. Qd2 b5 6. f3 Nbd7 7. h4 h5 8. Nh3 Nb6 9. Ng5 Qc7 10. a4 Nc4 11. Bxc4 bxc4 12. 0-0 Bg7 13. Qe2 Ba6 14. b4 0-0 15. b5 cxb5 16. axb5 Bb7 17. Ra4 Rfc8 18. Rfa1 Qb8 19. Rxc4 d5 20. Rxc8+ Qxc8 21. Nxd5 Nxd5 22. exd5 Bxd5 23. Ra4 Qc3 24. Ne4 Qb2 25. Kf2 Rc8 26. c3 Qb3 27. Rb4 Qa3 28. Bd2 e5 29. Nd6 Rxc3 30. Bxc3 Qxc3 31. Ra4 exd4 32. Ne4 Qb3 33. Rxa7 d3 34. Qe3 Qb2+ 35. Kf1 Bd4 36. Nf6+ Bxf6 37. Qxd3 Qc1+ 38. Kf2 Qc5+ 39. Qe3 Bd4 0-1

[Event "Olympiad Women-38"]
[Site "Dresden"]
[Date "2008.11.13"]
[Round "1"]
[White "Pavlovskaya, Evgenija"]
[Black "Endress, Anna"]
[Result "1-0"]
[WhiteElo "2197"]
[BlackElo "2067"]
[PlyCount "81"]
[EventDate "2008.11.13"]
[EventType "team-swiss"]
[EventRounds "11"]
[EventCountry "GER"]
[SourceTitle "CBM 128"]
[Source "ChessBase"]
[SourceDate "2009.01.28"]
[SourceVersion "1"]
[SourceVersionDate "2009.01.28"]
[SourceQuality "1"]
[WhiteTeam "Sweden (W)"]
[BlackTeam "Germany (W) II"]
[WhiteTeamCountry "SWE"]
[BlackTeamCountry "GER"]

1. e4 c5 2. Nf3 e6 3. d4 cxd4 4. Nxd4 a6 5. Bd3 Bc5 6. Nb3 Be7 7. 0-0 d6 8. Be3 Nf6 9. c4 b6 10. Nc3 Bb7 11. Rc1 Nbd7 12. f4 0-0 13. Qe2 Rc8 14. Kh1 Re8 15. Bg1 Bf8 16. Rcd1 Qc7 17. Rfe1 Nc5 18. Nxc5 bxc5 19. e5 Nd7 20. exd6 Bxd6 21. Bxh7+ Kxh7 22. Qd3+ g6 23. Qxd6 Qxd6 24. Rxd6 Nf6 25. h3 Kg7 26. Kh2 Rh8 27. b3 Rh5 28. Be3 e5 29. fxe5 Ng4+ 30. Kg3 Nxe3 31. Rxe3 Rg5+ 32. Kf2 Rxg2+ 33. Ke1 g5 34. e6 g4 35. Rd7 Bc6 36. Rxf7+ Kg6 37. hxg4 Rh8 38. Rf2 Rxg4 39. e7 Rg1+ 40. Kd2 Be8 41. Ne4 1-0

[Event "Politiken Cup 30th"]
[Site "Helsingor"]
[Date "2008.07.21"]
[Round "4"]
[White "Tallaksen, Levi Andre"]
[Black "Pavlovskaya, Evgenija"]
[Result "1-0"]
[WhiteElo "2045"]
[BlackElo "2210"]
[PlyCount "109"]
[EventDate "2008.07.19"]
[EventType "swiss"]
[EventRounds "10"]
[EventCountry "DEN"]
[SourceTitle "CBM 125 Extra"]
[Source "ChessBase"]
[SourceDate "2008.09.01"]
[SourceVersion "1"]
[SourceVersionDate "2008.09.01"]
[SourceQuality "1"]

1. d4 d5 2. c4 e6 3. Nf3 Nf6 4. e3 c6 5. Nc3 Bd6 6. Be2 0-0 7. 0-0 Nbd7 8. Qc2 Qe7 9. Rd1 dxc4 10. Bxc4 e5 11. dxe5 Nxe5 12. Be2 Nxf3+ 13. Bxf3 Qe5 14. g3 Bg4 15. Bxg4 Nxg4 16. h3 Nf6 17. e4 Nh5 18. f4 Qe6 19. e5 Bc5+ 20. Kg2 g5 21. Qe2 Ng7 22. fxg5 Rad8 23. Bf4 Kh8 24. Ne4 Be7 25. g4 Qg6 26. h4 Ne6 27. Bg3 Nd4 28. Qd3 Qe6 29. Nd6 c5 30. Kh3 Bxd6 31. exd6 h5 32. Kh2 Qxg4 33. Rf1 Rde8 34. Rf2 Re2 35. Rxe2 Nxe2 36. Re1 Nd4 37. Re4 Nf3+ 38. Kg2 Nxh4+ 39. Kg1 Qf3 40. Qxf3 Nxf3+ 41. Kf2 Nd4 42. Be5+ Kh7 43. Bf6 Ne6 44. d7 Kg6 45. Kg3 b5 46. Kh4 c4 47. Rxe6 fxe6 48. d8Q Rxd8 49. Bxd8 e5 50. Ba5 e4 51. Bd2 a6 52. a3 a5 53. Bxa5 e3 54. Bb4 e2 55. Bc3 1-0

[Event "Stockholm SCT op (Women)"]
[Site "Stockholm"]
[Date "2008.03.23"]
[Round "7"]
[White "Pavlovskaya, Evgenija"]
[Black "Meshcheriakova, Evgenia"]
[Result "1/2-1/2"]
[WhiteElo "2188"]
[BlackElo "2318"]
[PlyCount "173"]
[EventDate "2008.03.20"]
[EventType "swiss"]
[EventRounds "9"]
[EventCountry "SWE"]
[SourceTitle "CBM 123 Extra"]
[Source "ChessBase"]
[SourceDate "2008.05.06"]
[SourceVersion "1"]
[SourceVersionDate "2008.05.06"]
[SourceQuality "1"]

1. e4 e5 2. Nf3 Nc6 3. Bb5 a6 4. Ba4 Nf6 5. d3 b5 6. Bb3 Be7 7. 0-0 d6 8. c3 0-0 9. Nbd2 Na5 10. Bc2 c5 11. Re1 Nc6 12. Nf1 h6 13. Ng3 Re8 14. h3 Bf8 15. Nh2 Ne7 16. Ng4 Ng6 17. Qf3 Nxg4 18. hxg4 Be7 19. Nf5 Nh4 20. Nxe7+ Qxe7 21. Qg3 Ng6 22. g5 hxg5 23. Bxg5 f6 24. Be3 Kf7 25. a4 Bd7 26. Bb3+ Be6 27. Bd1 Nf8 28. Bh5+ Kg8 29. Bxe8 Qxe8 30. axb5 Qxb5 31. d4 Kf7 32. d5 Bd7 33. b4 c4 34. f4 Ng6 35. f5 Ne7 36. Qh3 Rg8 37. Qh5+ Kf8 38. Qe2 Kf7 39. Ra5 Qb7 40. Qxc4 Bb5 41. Qb3 Rc8 42. Ra3 Rc4 43. Bf2 Qc8 44. Qb2 Qh8 45. Qd2 g6 46. fxg6+ Nxg6 47. Qe3 Rc8 48. Bg3 Ne7 49. Qf3 Bc4 50. Rd1 Qh6 51. Raa1 Qg5 52. Kf2 Bb3 53. Rf1 f5 54. Rab1 Bc2 55. Rbe1 f4 56. Kg1 Bb3 57. Bh2 Bc4 58. Rf2 Rh8 59. g3 Ke8 60. Rg2 Ng6 61. gxf4 Nh4 62. Qh3 Qxg2+ 63. Qxg2 Nxg2 64. Kxg2 exf4 65. Bxf4 Kd7 66. Kf3 Rh3+ 67. Bg3 Rh8 68. Ke3 Bb5 69. Rc1 Rc8 70. Bf4 Rc4 71. Bg5 Rc8 72. Bf6 Rc4 73. Rg1 Ba4 74. Rg7+ Kc8 75. Ra7 Bb5 76. Kf4 Kb8 77. Re7 Kc8 78. Kf5 Bd7+ 79. Kg6 a5 80. bxa5 Ra4 81. Rg7 Rxe4 82. Rg8+ Kb7 83. Rd8 Kc7 84. a6 Ra4 85. Ra8 Bc8 86. Ra7+ Kb8 87. Rh7 1/2-1/2

[Event "Stockholm SCT op (Women)"]
[Site "Stockholm"]
[Date "2008.03.22"]
[Round "4"]
[White "Cyfka, Karina"]
[Black "Pavlovskaya, Evgenija"]
[Result "1/2-1/2"]
[WhiteElo "2293"]
[BlackElo "2188"]
[PlyCount "113"]
[EventDate "2008.03.20"]
[EventType "swiss"]
[EventRounds "9"]
[EventCountry "SWE"]
[SourceTitle "CBM 123 Extra"]
[Source "ChessBase"]
[SourceDate "2008.05.06"]
[SourceVersion "1"]
[SourceVersionDate "2008.05.06"]
[SourceQuality "1"]

1. e4 c6 2. d4 d5 3. Nd2 dxe4 4. Nxe4 Bf5 5. Ng3 Bg6 6. h4 h6 7. f4 e6 8. Nf3 Nd7 9. h5 Bh7 10. Bd3 Bxd3 11. Qxd3 Ngf6 12. Bd2 Qc7 13. Qe2 0-0-0 14. 0-0-0 c5 15. Ne5 Nxe5 16. dxe5 Nd5 17. c4 Nb6 18. Ne4 Rd4 19. b3 Be7 20. Bc3 Rxd1+ 21. Rxd1 Rd8 22. g3 Rxd1+ 23. Qxd1 Qd8 24. Qxd8+ Kxd8 25. Ba5 Kc7 26. b4 cxb4 27. c5 Kc6 28. Bxb4 Nd7 29. Nd6 f6 30. Bc3 fxe5 31. Bxe5 Nxe5 32. fxe5 Kxc5 33. Ne8 Kd4 34. Nxg7 Kxe5 35. Kd2 Kf6 36. Ne8+ Kg5 37. Ng7 Kg4 38. Ke3 Bd6 39. Nxe6 Bxg3 40. Ke4 Be1 41. Nd8 b6 42. Nc6 a5 43. Ne5+ Kxh5 44. Kf5 b5 45. Nc6 Bc3 46. Ke4 Kg5 47. Kd3 Bb4 48. Nd4 h5 49. Ke2 Kf4 50. Nxb5 Kg3 51. Kf1 Bc5 52. Nc3 Bb6 53. Ne4+ Kf3 54. Nd2+ Kf4 55. Nc4 Bc7 56. Kg2 h4 57. Nxa5 1/2-1/2

[Event "Olympiad Women-37"]
[Site "Turin"]
[Date "2006.06.03"]
[Round "12"]
[White "Pavlovskaya, Evgenija"]
[Black "Klinova, Masha"]
[Result "1-0"]
[WhiteElo "2182"]
[BlackElo "2357"]
[PlyCount "83"]
[EventDate "2006.05.21"]
[EventType "team-swiss"]
[EventRounds "13"]
[EventCountry "ITA"]
[SourceTitle "CBM 112 Extra"]
[Source "ChessBase"]
[SourceDate "2006.07.14"]
[SourceVersion "1"]
[SourceVersionDate "2006.07.14"]
[SourceQuality "1"]
[WhiteTeam "Sweden (W)"]
[BlackTeam "Israel (W)"]
[WhiteTeamCountry "SWE"]
[BlackTeamCountry "ISR"]

1. e4 d6 2. d4 Nf6 3. Nc3 g6 4. f4 Bg7 5. Nf3 0-0 6. Bd3 Nc6 7. 0-0 Bg4 8. Ne2 Nb4 9. Be3 Nxd3 10. cxd3 c6 11. Qd2 Bxf3 12. gxf3 e6 13. Rac1 Nh5 14. Ng3 Nf6 15. Rf2 Nd7 16. Rg2 Rc8 17. Kh1 f5 18. Qb4 c5 19. Qb3 cxd4 20. Qxe6+ Kh8 21. Rxc8 Qxc8 22. Bg1 fxe4 23. fxe4 Nc5 24. Qxd6 Rd8 25. Qe7 Nxd3 26. Rc2 Nxf4 27. Rxc8 Rxc8 28. Qd7 Rf8 29. Bxd4 Bxd4 30. Qxd4+ Kg8 31. Qxa7 Rd8 32. Kg1 h5 33. Qb6 Rf8 34. Qb3+ Kg7 35. Qc3+ Kg8 36. Qc4+ Kg7 37. Ne2 Nh3+ 38. Kg2 Ng5 39. Qd5 Kh6 40. h4 Nf3 41. Kg3 Ne1 42. Qd2+ 1-0

[Event "Olympiad Women-37"]
[Site "Turin"]
[Date "2006.05.29"]
[Round "8"]
[White "Sanchez Castillo, Sarai Carolina"]
[Black "Pavlovskaya, Evgenija"]
[Result "1-0"]
[WhiteElo "2176"]
[BlackElo "2182"]
[PlyCount "51"]
[EventDate "2006.05.21"]
[EventType "team-swiss"]
[EventRounds "13"]
[EventCountry "ITA"]
[SourceTitle "CBM 112 Extra"]
[Source "ChessBase"]
[SourceDate "2006.07.14"]
[SourceVersion "1"]
[SourceVersionDate "2006.07.14"]
[SourceQuality "1"]
[WhiteTeam "Venezuela (W)"]
[BlackTeam "Sweden (W)"]
[WhiteTeamCountry "VEN"]
[BlackTeamCountry "SWE"]

1. e4 c6 2. d4 d5 3. Nd2 dxe4 4. Nxe4 h6 5. Nf3 Bf5 6. Ng3 Bh7 7. Bc4 e6 8. 0-0 Nf6 9. Bf4 Nd5 10. Bd2 Bd6 11. Bb3 0-0 12. Re1 Nd7 13. Ne5 c5 14. c3 Rc8 15. Qe2 Nxe5 16. dxe5 Bb8 17. Qg4 Bg6 18. Rad1 Qe8 19. Bxd5 exd5 20. f4 Rc6 21. f5 Qc8 22. e6 fxe6 23. fxg6 Qd7 24. Rf1 Rcc8 25. Rde1 Bxg3 26. Qxg3 1-0

[Event "Olympiad Women-37"]
[Site "Turin"]
[Date "2006.05.22"]
[Round "2"]
[White "Ciuksyte, Dagne"]
[Black "Pavlovskaya, Evgenija"]
[Result "1-0"]
[WhiteElo "2423"]
[BlackElo "2182"]
[PlyCount "63"]
[EventDate "2006.05.21"]
[EventType "team-swiss"]
[EventRounds "13"]
[EventCountry "ITA"]
[SourceTitle "CBM 112 Extra"]
[Source "ChessBase"]
[SourceDate "2006.07.14"]
[SourceVersion "1"]
[SourceVersionDate "2006.07.14"]
[SourceQuality "1"]
[WhiteTeam "Lithuania (W)"]
[BlackTeam "Sweden (W)"]
[WhiteTeamCountry "LTU"]
[BlackTeamCountry "SWE"]

1. e4 c6 2. d4 d5 3. Nd2 dxe4 4. Nxe4 Bf5 5. Ng3 Bg6 6. h4 h6 7. Nf3 Nd7 8. h5 Bh7 9. Bd3 Bxd3 10. Qxd3 Ngf6 11. Bf4 e6 12. 0-0-0 Nd5 13. Bd2 Qc7 14. Ne4 0-0-0 15. c4 N5f6 16. g3 Nxe4 17. Qxe4 Nf6 18. Qe2 c5 19. Bc3 Bd6 20. Kb1 Kb8 21. Rd2 Ka8 22. Rhd1 a6 23. dxc5 Qxc5 24. Ne5 Bc7 25. Rxd8+ Rxd8 26. Rxd8+ Bxd8 27. Nxf7 Bb6 28. Qxe6 Qxf2 29. Nd6 Qf3 30. a3 Qc6 31. Bxf6 gxf6 32. Qg8+ 1-0

[Event "EU-ch (Women) 7th"]
[Site "Kusadasi"]
[Date "2006.04.15"]
[Round "11"]
[White "Petrenko, Svetlana"]
[Black "Pavlovskaya, Evgenija"]
[Result "1-0"]
[WhiteElo "2346"]
[BlackElo "2182"]
[PlyCount "99"]
[EventDate "2006.04.04"]
[EventType "swiss"]
[EventRounds "11"]
[EventCountry "TUR"]
[SourceTitle "CBM 111 Extra"]
[Source "ChessBase"]
[SourceDate "2006.05.09"]
[SourceVersion "1"]
[SourceVersionDate "2006.05.09"]
[SourceQuality "1"]

1. e4 c5 2. Nf3 a6 3. d4 cxd4 4. Nxd4 Nf6 5. Bd3 e5 6. Nf3 d5 7. Qe2 dxe4 8. Bxe4 Nxe4 9. Qxe4 Nc6 10. 0-0 f6 11. Nc3 Be6 12. Rd1 Qa5 13. Be3 Qb4 14. Nd4 f5 15. Nxc6 Qxe4 16. Nxe4 bxc6 17. Nd6+ Bxd6 18. Rxd6 Bd5 19. c4 Bxc4 20. Rxc6 Bd3 21. Re6+ Kf7 22. Rxe5 Rab8 23. Bd4 Rhd8 24. Bc3 Rd7 25. Rae1 Rb6 26. f3 g5 27. g3 h5 28. Re8 Rh6 29. Bb4 g4 30. Rf8+ Kg7 31. Ree8 Bc4 32. Bc3+ Kh7 33. Rxf5 Rd1+ 34. Kg2 gxf3+ 35. Kf2 Rf1+ 36. Ke3 Re6+ 37. Rxe6 Bxe6 38. Rxh5+ Kg6 39. Rc5 Bxa2 40. Rc6+ Kg5 41. Rxa6 Bb3 42. h3 Bc4 43. Ra5+ Kg6 44. h4 Be2 45. g4 Rg1 46. Rg5+ Kh6 47. Rg8 Rg2 48. h5 Bd1 49. Bf6 Re2+ 50. Kf4 1-0

[Event "EU-ch (Women) 7th"]
[Site "Kusadasi"]
[Date "2006.04.14"]
[Round "10"]
[White "Pavlovskaya, Evgenija"]
[Black "Wilson, Alexandra"]
[Result "1-0"]
[WhiteElo "2182"]
[BlackElo "2101"]
[PlyCount "105"]
[EventDate "2006.04.04"]
[EventType "swiss"]
[EventRounds "11"]
[EventCountry "TUR"]
[SourceTitle "CBM 111 Extra"]
[Source "ChessBase"]
[SourceDate "2006.05.09"]
[SourceVersion "1"]
[SourceVersionDate "2006.05.09"]
[SourceQuality "1"]

1. e4 e6 2. d4 d5 3. Nd2 Nf6 4. e5 Nfd7 5. Bd3 c5 6. c3 Nc6 7. Ne2 cxd4 8. cxd4 f6 9. exf6 Qxf6 10. Nf3 h6 11. 0-0 Bd6 12. Ng3 0-0 13. Bb1 Rd8 14. Qd3 Nf8 15. Re1 Bd7 16. Bd2 Be8 17. Qe3 Rac8 18. a3 a6 19. Ba2 b5 20. b4 Bg6 21. Rac1 Ne7 22. Ne5 Nf5 23. Nxf5 Bxf5 24. Nc6 Re8 25. Rc3 Nh7 26. Rec1 Kh8 27. Ne5 Rxc3 28. Rxc3 Ng5 29. Rc6 Bxe5 30. dxe5 Qg6 31. Qg3 Qh5 32. f3 Nf7 33. Bc3 Bd3 34. Qf4 Ng5 35. Bd4 Qg6 36. Qg3 Be2 37. Rc1 Qf5 38. h4 Nf7 39. Bb3 Bd3 40. Bd1 Rg8 41. f4 Bb1 42. Bg4 Qe4 43. Qe3 Qg6 44. Qd2 Nd8 45. Bb6 Rf8 46. Rc8 Bd3 47. Qd1 Rxf4 48. Rxd8+ Kh7 49. Bxe6 Qg3 50. Bg8+ Kh8 51. Bxd5+ Kh7 52. Bg8+ Kg6 53. Qxd3+ 1-0

[Event "EU-ch (Women) 7th"]
[Site "Kusadasi"]
[Date "2006.04.13"]
[Round "9"]
[White "Norinkeviciute, Rasa"]
[Black "Pavlovskaya, Evgenija"]
[Result "0-1"]
[WhiteElo "2073"]
[BlackElo "2182"]
[PlyCount "72"]
[EventDate "2006.04.04"]
[EventType "swiss"]
[EventRounds "11"]
[EventCountry "TUR"]
[SourceTitle "CBM 111 Extra"]
[Source "ChessBase"]
[SourceDate "2006.05.09"]
[SourceVersion "1"]
[SourceVersionDate "2006.05.09"]
[SourceQuality "1"]

1. e4 c5 2. c3 d5 3. exd5 Qxd5 4. d4 Nf6 5. Nf3 e6 6. Be2 cxd4 7. cxd4 Be7 8. Nc3 Qd8 9. 0-0 0-0 10. Ne5 Nc6 11. Nxc6 bxc6 12. Bf3 Nd5 13. Qd3 Rb8 14. a3 Qa5 15. Rd1 Ba6 16. Qc2 Bc4 17. Bd2 Qb6 18. b4 Nxc3 19. Qxc3 Bd5 20. Bf4 Ra8 21. Be2 a5 22. Rab1 Rfc8 23. Qg3 axb4 24. axb4 Ra4 25. b5 Be4 26. Rbc1 Ra2 27. Bc4 Ra3 28. Qg4 cxb5 29. Bf1 Rac3 30. Ra1 Bf6 31. Be5 Bf5 32. Qf4 Bxe5 33. dxe5 b4 34. Rd4 b3 35. Bd3 b2 36. Rb1 Rc1+ 0-1

[Event "EU-ch (Women) 7th"]
[Site "Kusadasi"]
[Date "2006.04.04"]
[Round "1"]
[White "Pavlovskaya, Evgenija"]
[Black "Lanchava, Tea"]
[Result "0-1"]
[WhiteElo "2182"]
[BlackElo "2381"]
[PlyCount "80"]
[EventDate "2006.04.04"]
[EventType "swiss"]
[EventRounds "11"]
[EventCountry "TUR"]
[SourceTitle "CBM 111 Extra"]
[Source "ChessBase"]
[SourceDate "2006.05.09"]
[SourceVersion "1"]
[SourceVersionDate "2006.05.09"]
[SourceQuality "1"]

1. e4 d6 2. d4 Nf6 3. Nc3 g6 4. Be3 Bg7 5. Qd2 Ng4 6. Bg5 h6 7. Bh4 0-0 8. f3 Nf6 9. Nge2 a6 10. g4 b5 11. Rd1 b4 12. Nb1 Nc6 13. Bg2 Rb8 14. 0-0 e5 15. d5 Na5 16. b3 g5 17. Bf2 Ne8 18. a3 c5 19. dxc6 Nxc6 20. axb4 Nxb4 21. Ng3 Qc7 22. c3 Nc6 23. b4 a5 24. bxa5 Nxa5 25. Nf5 Nc4 26. Qc1 Ba6 27. h4 f6 28. hxg5 fxg5 29. Ne3 Nxe3 30. Qxe3 Bxf1 31. Bxf1 Qc6 32. Na3 Qa4 33. Ra1 Kh8 34. Kg2 Nc7 35. Bd3 Ne6 36. Nc2 Qc6 37. Be1 Rb2 38. Kg3 Qc5 39. Qxc5 Nxc5 40. Nb4 Rxb4 0-1